MCU Character Fist Appearence - Statistics

General Stats
  • This quiz has been taken 49 times
    3 since last reset
  • The average score is 63 of 125
Answer Stats
Character First Appearence % Correct
Silver Surfer The Fantastic Four: First Steps
100%
Wiccan Agatha All Along
50%
Ant-Man Ant-Man
50%
Wasp Ant-Man
50%
Ghost Ant-Man and the Wasp
50%
Ultron Avengers 2
50%
Vision Avengers 2
50%
Ebony Maw Avengers 3
50%
Killmonger Black Panther
50%
Namor Black Panther 2
50%
Ironheart Black Panther 2
50%
Red Guardian Black Widow
50%
Taskmaster Black Widow
50%
Yelena Bolova Black Widow
50%
Valentina Allegra de Fontaine Black Widow
50%
Winter Soldier/Buck Barnes Captain America 1
50%
Arnim Zola Captain America 1
50%
Captain America Captain America 1
50%
Red Skull Captain America 1
50%
Quicksilver Captain America 2
50%
Falcon Captain America 2
50%
Scarlet Witch Captain America 2
50%
Crossbones Captain America 2
50%
Aunt May Captain America 3
50%
Black Panther Captain America 3
50%
Spider-Man Captain America 3
50%
Baron Zemo Captain America 3
50%
Red Hulk Captain America 4
50%
Captain Marvel Captain Marvel
50%
Monica Rambeau Captain Marvel
50%
Punisher Daredevil: Born Again
50%
Human Torch Deadpool & Wolverine
50%
Sabretooth Deadpool & Wolverine
50%
Wolverine Deadpool & Wolverine
50%
Elektra Deadpool & Wolverine
50%
X-23 Deadpool & Wolverine
50%
Blade Deadpool & Wolverine
50%
Juggernaut Deadpool & Wolverine
50%
Doctor Strange Doctor Strange
50%
Dormammu Doctor Strange
50%
Wong Doctor Strange
50%
The Ancient One Doctor Strange
50%
Professor X Doctor Strange 2
50%
Black Bolt Doctor Strange 2
50%
Mr Fantastic Doctor Strange 2
50%
America Chavez Doctor Strange 2
50%
Captain Carter Doctor Strange 2
50%
Sersi Eternals
50%
Sprite Eternals
50%
Gilgamesh Eternals
50%
Black Knight Eternals
50%
Ikaris Eternals
50%
Thena Eternals
50%
Druig Eternals
50%
Ajak Eternals
50%
Makkari Eternals
50%
Drax Guardians of the Galaxy
50%
Groot Guardians of the Galaxy
50%
Ronan the Accuser Guardians of the Galaxy
50%
Starlord Guardians of the Galaxy
50%
Howard the Duck Guardians of the Galaxy
50%
Rocket Raccoon Guardians of the Galaxy
50%
Nebula Guardians of the Galaxy
50%
Gamora Guardians of the Galaxy
50%
Ego the Living Planet Guardians of the Galaxy 2
50%
Adam Warlock Guardians of the Galaxy 2
50%
Mantis Guardians of the Galaxy 2
50%
High Evolutionary Guardians of the Galaxy 3
50%
Echo Hawkeye
50%
Kate Bishop Hawkeye
50%
Iron Man Iron Man
50%
War Machine Iron Man
50%
Ironmonger Iron Man
50%
Phil Coulson Iron Man
50%
Nick Fury Iron Man
50%
Black Widow Iron Man 2
50%
Mandarin Iron Man 3
50%
Aldrich Killian Iron Man 3
50%
Kang the Conquerer Loki
50%
Moon Knight Moon Knight
50%
Ms Marvel Ms Marvel
50%
Shang-Chi Shang-Chi
50%
She-Hulk She-Hulk
50%
Ned Leeds Spider-Man 1
50%
MJ Spider-Man 1
50%
Vulture Spider-Man 1
50%
Shocker Spider-Man 1
50%
Aaron Davis Spider-Man 1
50%
Mysterio Spider-Man 2
50%
J. Jonah Jameson Spider-Man 2
50%
Green Goblin Spider-Man 3
50%
Lizard Spider-Man 3
50%
Daredevil Spider-Man 3
50%
Sandman Spider-Man 3
50%
Electro Spider-Man 3
50%
Venom Spider-Man 3
50%
Thanos The Avengers
50%
Maria Hill The Avengers
50%
US Agent The Falcon and the Winter Soldier
50%
Doctor Doom The Fantastic Four: First Steps
50%
Invisible Woman The Fantastic Four: First Steps
50%
Thing The Fantastic Four: First Steps
50%
Hulk The Incredible Hulk
50%
Abomination The Incredible Hulk
50%
Thor Thor
50%
Loki Thor
50%
Heimdall Thor
50%
Sif Thor
50%
Hogun Thor
50%
Hawkeye Thor
50%
Odin Thor
50%
Frigga Thor
50%
Laufey Thor
50%
The Collector Thor 2
50%
Kurse Thor 2
50%
Valkyrie Thor 3
50%
Hela Thor: 3
50%
Korg Thor 3
50%
Surtur Thor 3
50%
The Grandmaster Thor 3
50%
Zeus Thor 4
50%
Hercules Thor 4
50%
Gorr the Gos Butcher Thor 4
50%
Sentry Thunderbolts*
50%
M.O.D.O.K. Doctor Strange 2
0%
No matching quizzes found
Score Distribution
Percent of People with Each Score
Percentile by Number Answered
Your Score History
You have not taken this quiz since the last reset